000 00322nam a2200133Ia 4500
005 20260328104342.0
008 260328s9999||||xx |||||||||||||| ||und||
100 _aSassmannshausen, Katja
245 0 _aArgentina /
_cKatja Sassmannshausen
260 _bKönemann
300 _a460 p.
650 _aARGENTINA
942 _cBK
999 _c12164
_d12164